LEADER 01609nam a2200337 i 4500 001 000000256447 003 CaOOAMICUS 005 20230417143504.0 008 171127s1775 it u000 u lat u 026 $ae,io t.ia t.re lema (3) 1775 (R) 040 $aSeMil$bita 100 0 $aAugustinus, Aurelius,$c.$0(OLS)http://semarc/name/498 245 10$aS. Aurelii Augustini hipponensis episcopi Liber de vera religione notis illustratus ad sanctissimum patrem Pium 6. pontificem maximum. 264 1$aMediolani :$bApud Joseph Mazzucchellum in Typographia Malatestae,$c1775. 300 $a[8], 140 p. ;$c8°. 500 $aSegn.: A-I8 [K]2 541 1 $aLascito Card. C.M. Martini. 650 4$aAgostino, Aurelio . De vera religione.$0(OLS)http://semarc/subject/47000 700 1 $aMazzucchelli, Giuseppe,$c.$0(OLS)http://semarc/name/14914 700 1 $aMalatesta,$c.$0(OLS)http://semarc/name/12327 850 $aSeMil 852 $aSeMil$W1$xVenegono$y1$m2T V 65 FA$j206793$B206793$CSeMilBibl$Z2$F220196 $8I 900 1 $aAgostino : d'Ippona. 900 1 $aSant'Agostino. 941 1 $a4 961 $aLascito: Martini Card. Carlo Maria 996 $6245$aS. Aurelii Augustini hipponensis episcopi Liber de vera religione notis illustratus ad sanctissimum patrem Pium 6. pontificem maximum$9(OLS)http://semarc/title/412257 996 $6264$aMediolani :$bApud Joseph Mazzucchellum in Typographia Malatestae$9(OLS)http://semarc/publisher/52806 LEADER 01189nam a2200253 i 4500 001 000000151370 003 CaOOAMICUS 005 20060629000000.0 008 060629s1974 it u000 u ita u 013 $a128708 040 $aSeMil$bita 100 1 $aLoretz, Oswald,$d<1928-2014>.$0(OLS)http://semarc/name/13300 240 10$aSchöpfung und Mythos :$bMensch und Welt nach den anfangskapiteln der Genesis.$0(OLS)http://semarc/title/221223 245 10$aCreazione e mito :$buomo e mondo secondo i capitoli iniziali della Genesi /$cOswald Loretz. 260 $aBrescia :$bPaideia,$c1974. 300 $a174 p. ;$c21 cm. 490 0 $aStudi biblici ;$v28 650 4$aBibbia - Creazione.$0(OLS)http://semarc/subject/3081 650 4$aBibbia. Antico Testamento. Genesi, 1-11.$0(OLS)http://semarc/subject/1393 830 0$aStudi biblici ;$v28.$0(OLS)http://semarc/title/33 850 $aSeMil 852 $aSeMil$W1$xVenegono$y1$m2WA A 28$j236758$B103399$CSeMilBibl$Z2$F112486 $81 996 $6245$aCreazione e mito :$buomo e mondo secondo i capitoli iniziali della Genesi$9(OLS)http://semarc/title/221222 996 $6260$aBrescia :$bPaideia$9(OLS)http://semarc/publisher/29614